000 00822nab a2200241 u 4500
001 11859
003 HDC
007 cr bn ---aaaaa
008 210208c mydr|nes 0 a eng d
040 _aHDC
245 0 _aMan stuck 'halal funds terrorism' labels on Sainsbury's food - but claims they weren't racist
260 _a[no place] :
_b[publisher not identified],
_c[no year]
336 _atext
_2rdacontent
337 _acomputer
_2rdamedia
338 _aonline resource
_2rdacarrier
650 _aanti-Islam
_912222
650 _aTerrorism
_94783
710 _aMirror.co.uk
856 _zRequest full-text at [email protected]
942 _2lcc
942 _cNEWS
942 _kNWSO 002649
999 _c9182
_d9182